Tous les adversaires de Brest en ligue 1 au 21e siècle - Statistiques

Statistiques générales
  • Ce quiz a été pris 128 fois
  • Le résultat moyen est 26 sur 33
Statistiques - réponses
Indice Répondre % Correct
9 saisons Marseille
100%
9 saisons PSG
100%
9 saisons Lyon
99%
9 saisons Rennes
98%
6 saisons Strasbourg
97%
9 saisons Montpellier
97%
7 saisons Saint-Etienne
94%
6 saisons Racing club de Lens
94%
6 saisons Bordeaux
93%
7 saisons Monaco
93%
9 saisons OGC Nice
93%
7 saisons Toulouse
92%
6 saisons Nantes
91%
9 saisons Losc
91%
7 saisons Lorient
89%
3 saisons Clermont
86%
7 saisons Reims
85%
4 saisons Auxerre
84%
5 saisons Angers
83%
4 saisons Metz
83%
2 saisons Le havre
83%
2 saisons Caen
79%
1 saison Bastia
76%
3 saisons Troyes
73%
3 saisons Dijon
69%
3 saisons Nancy
68%
2 saisons Nîmes
66%
1 saison Amiens
64%
3 saisons Sochaux
61%
3 saisons Valenciennes
53%
3 saisons AC Ajaccio
32%
1 saison Arles-Avignon
30%
2 saisons Evian TG
9%
Aucun quiz correspondant
Distribution des résultats
% des personnes avec chaque résultat
Percentile par nombre de réponses
Votre historique - résultats
Vous n’avez pas pris ce quiz